| 000 -LEADER |
| fixed length control field |
00877cam a2200265 a 4500 |
| 001 - CONTROL NUMBER |
| control field |
14804459 |
| 005 - DATE AND TIME OF LATEST TRANSACTION |
| control field |
20180104080644.0 |
| 008 - FIXED-LENGTH DATA ELEMENTS--GENERAL INFORMATION |
| fixed length control field |
070411s2007 nyuaf b 001 0 eng d |
| 010 ## - LIBRARY OF CONGRESS CONTROL NUMBER |
| LC control number |
2007273393 |
| 020 ## - INTERNATIONAL STANDARD BOOK NUMBER |
| International Standard Book Number |
0071489975 |
| 020 ## - INTERNATIONAL STANDARD BOOK NUMBER |
| International Standard Book Number |
9780071489973 |
| 035 ## - SYSTEM CONTROL NUMBER |
| System control number |
(OCoLC)ocm85370929 |
| 040 ## - CATALOGING SOURCE |
| Original cataloging agency |
JBL |
| Transcribing agency |
JBL |
| Modifying agency |
JBL |
| -- |
BAKER |
| -- |
BLC |
| -- |
YDXCP |
| -- |
DLC |
| 041 ## - LANGUAGE CODE |
| Language code of text/sound track or separate title |
eng |
| 042 ## - AUTHENTICATION CODE |
| Authentication code |
lccopycat |
| 080 ## - UNIVERSAL DECIMAL CLASSIFICATION NUMBER |
| Universal Decimal Classification number |
338.91 SMI |
| 082 04 - DEWEY DECIMAL CLASSIFICATION NUMBER |
| Classification number |
338.91 SMI |
| Edition number |
22 |
| 100 1# - Rafti |
| Rafti |
58 |
| 101 ## - Shkurtesa |
| Shkurtesa |
BIZ |
| 245 12 - TITLE STATEMENT |
| Title |
A billion bootstraps : |
| Statement of responsibility, etc |
Phil Smith, Eric Thurman. |
| 504 ## - BIBLIOGRAPHY, ETC. NOTE |
| Bibliography, etc |
Includes bibliographical references (p. 207-213) and index. |
| 906 ## - LOCAL DATA ELEMENT F, LDF (RLIN) |
| a |
7 |
| b |
cbc |
| c |
copycat |
| d |
2 |
| e |
ncip |
| f |
20 |
| g |
y-gencatlg |
| 942 ## - ADDED ENTRY ELEMENTS (KOHA) |
| Source of classification or shelving scheme |
|
| Item type |
Books |